| 000 | 00420nam a2200121Ia 4500 | ||
|---|---|---|---|
| 008 | 220615s9999||||xx |||||||||||||| ||und|| | ||
| 100 | _aSibylle Kranz (Ed.) | ||
| 245 | 0 | _aDietary Intake and Behavior in Children | |
| 546 | _aEnglish[eng] | ||
| 650 | _aintake behavior||dietary intake||learning and behavior||cognitive functioning||pediatric nutrition | ||
| 856 | _uhttp://www.mdpi.com/books/pdfview/book/653 | ||
| 942 | _cEB | ||
| 999 |
_c8766 _d8766 |
||